[Event "Top 16"]
[Site "Clichy"]
[Date "2009.03.21"]
[Round "2.4"]
[White "Lamorelle, Y."]
[Black "Fressinet, L."]
[Result "0-1"]
[WhiteElo "2217"]
[BlackElo "2666"]
[PlyCount "69"]
[EventDate "2009.??.??"]

1. e4 e5 2. Nf3 Nc6 3. Bc4 Nf6 4. d3 Bc5 5. O-O O-O 6. Bb3 d6 7. c3 a6 8. Be3
Ba7 9. Nbd2 Ne7 10. Bxa7 Rxa7 11. Re1 Ng6 12. d4 h6 13. Nf1 Bd7 14. Ng3 Ra8 15.
h3 Re8 16. Qd2 Qe7 17. Rad1 Rad8 18. Bc2 Nh7 19. Qe3 Ng5 20. Nxg5 hxg5 21. f3
Nf4 22. Ne2 g6 23. Nxf4 gxf4 24. Qf2 Qg5 25. Kh2 Kg7 26. Bd3 Rh8 27. Bf1 Rde8
28. Rd2 Be6 29. b4 Rh5 30. Red1 Reh8 31. dxe5 dxe5 32. Qe1 Qh6 33. Kg1 Rg5 34.
Kf2 Qh4+ 35. Ke2 0-1

[Event "Top 16"]
[Site "Clichy"]
[Date "2009.03.21"]
[Round "2.5"]
[White "Pelletier, Y."]
[Black "Wunderman, X."]
[Result "1-0"]
[WhiteElo "2560"]
[BlackElo "2183"]
[PlyCount "88"]
[EventDate "2009.??.??"]
[TimeControl "6000"]

1. c4 c6 2. e4 d5 3. exd5 cxd5 4. cxd5 Nf6 5. Nc3 Nxd5 6. Nf3 Nc6 7. Bb5 e6 8.
O-O Be7 9. d4 O-O 10. Re1 a6 11. Bxc6 bxc6 12. Na4 Rb8 13. Bd2 Rb5 14. Qc2 Nb4
15. Bxb4 Bxb4 16. Red1 Bd6 17. Nc5 Qb6 18. Ng5 g6 19. Nge4 Qc7 20. Nxd6 Qxd6
21. Qc3 Qd5 22. b4 Rd8 23. a4 Rb8 24. Rd3 Rb6 25. h3 Bb7 26. Re1 Rb8 27. Ne4
Kg7 28. a5 Rb5 29. Qb2 Kf8 30. Rf3 Bc8 31. Qd2 g5 32. Nc3 Qd8 33. Nxb5 cxb5 34.
Rg3 h6 35. h4 f6 36. hxg5 hxg5 37. d5 exd5 38. Qd4 Qd6 39. Rge3 Bd7 40. Re6
Bxe6 41. Qxf6+ Kg8 42. Qg6+ Kh8 43. Qh6+ Kg8 44. Rxe6 Ra8 1-0

[Event "Top 16"]
[Site "Clichy"]
[Date "2009.03.21"]
[Round "2.6"]
[White "Lamorelle, J."]
[Black "Tregubov, P."]
[Result "1/2-1/2"]
[WhiteElo "2170"]
[BlackElo "2647"]
[PlyCount "108"]
[EventDate "2009.??.??"]
[TimeControl "6000"]

1. e4 c5 2. Nf3 e6 3. d4 cxd4 4. Nxd4 Nc6 5. Nc3 Qc7 6. Be2 a6 7. Nxc6 bxc6 8.
O-O d5 9. Bf3 Bd6 10. Re1 Ne7 11. g3 O-O 12. Qe2 a5 13. Be3 Ba6 14. Qd2 Ng6 15.
Be2 Ne5 16. Bd4 Rfd8 17. Bxe5 Bxe5 18. Bxa6 Rxa6 19. exd5 cxd5 20. Qe2 Bxc3 21.
Qxa6 Bxe1 22. Rxe1 Qxc2 23. Qxa5 Rc8 24. Qb4 h5 25. h4 Qd3 26. Qf4 Rc4 27. Qb8+
Kh7 28. Qe5 Qf3 29. Qe3 Qf6 30. b3 Rg4 31. Qd3+ g6 32. a4 Rb4 33. Rb1 Qd8 34.
Qc3 Qe7 35. a5 d4 36. Qf3 e5 37. Qd5 e4 38. a6 e3 39. Re1 Qa7 40. Kg2 Rb8 41.
fxe3 dxe3 42. Rf1 Kg7 43. b4 Re8 44. Qb7 Qxb7+ 45. axb7 Rb8 46. Kf3 Rxb7 47.
Rb1 Kf6 48. Kxe3 Ke5 49. b5 Rb6 50. Kf3 Kd5 51. Kf4 f6 52. g4 hxg4 53. Kxg4 Kc5
54. h5 gxh5+ 1/2-1/2

[Event "Top 16"]
[Site "Clichy"]
[Date "2009.03.21"]
[Round "2.7"]
[White "Skripchenko, A."]
[Black "Malekin, N."]
[Result "1-0"]
[WhiteElo "2454"]
[BlackElo "2173"]
[PlyCount "61"]
[EventDate "2009.??.??"]
[TimeControl "6000"]

1. e4 e5 2. Nf3 Nc6 3. Bb5 a6 4. Ba4 Nf6 5. O-O Be7 6. Re1 b5 7. Bb3 d6 8. c3
O-O 9. h3 Nb8 10. d4 Nbd7 11. Nbd2 Bb7 12. a4 c5 13. Bc2 Qc7 14. d5 c4 15. Nf1
Nc5 16. Ng3 g6 17. Bh6 Rfb8 18. Nd2 Bc8 19. Rb1 Bd7 20. axb5 axb5 21. f4 Ra2
22. Kh2 Na4 23. Qc1 Bf8 24. Bxf8 Kxf8 25. Nf3 Re8 26. fxe5 dxe5 27. Qh6+ Kg8
28. Bxa4 bxa4 29. Ng5 Qb6 30. Rf1 Re7 31. Nh5 1-0

[Event "Top 16"]
[Site "Clichy"]
[Date "2009.03.21"]
[Round "2.1"]
[White "Bacrot, Etienne"]
[Black "Nguyen, Chi-Minh"]
[Result "1/2-1/2"]
[WhiteElo "2722"]
[BlackElo "2429"]
[PlyCount "138"]
[EventDate "2009.??.??"]
[WhiteTeam "Marseille Echecs"]
[BlackTeam "Noyon"]

1. d4 Nf6 2. c4 e6 3. Nf3 b6 4. Bg5 Bb7 5. Nc3 h6 6. Bh4 Bb4 7. Nd2 g5 8. Bg3
Bxc3 9. bxc3 d6 10. e3 Nc6 11. h4 Rg8 12. hxg5 hxg5 13. Rh6 Qe7 14. Qf3 Nd7 15.
c5 dxc5 16. Bxc7 cxd4 17. exd4 Nde5 18. Bxe5 Nxe5 19. Bb5+ Kf8 20. Qh5 Ng6 21.
g3 Rc8 22. Rh7 Qf6 23. Rc1 e5 24. Kf1 Rh8 25. Rxh8+ Qxh8 26. Qxh8+ Nxh8 27.
dxe5 Rc5 28. a4 Rxe5 29. Nc4 Rc5 30. Rd1 Bc6 31. Bxc6 Rxc4 32. Rd8+ Kg7 33. Bb5
Rc7 34. Ke2 Ng6 35. Kd3 Ne5+ 36. Ke4 Ng4 37. f3 Nf6+ 38. Kd4 Nh5 39. Rd5 Kh6
40. g4 Nf4 41. Rd7 Ne2+ 42. Kd3 Nf4+ 43. Ke4 Rxd7 44. Bxd7 f6 45. Kd4 Kg7 46.
c4 Kf7 47. c5 Ke7 48. Bf5 Kd8 49. Kc4 Kc7 50. Kb5 Nd5 51. Be6 Ne7 52. Bc4 Nc6
53. Bd5 a6+ 54. Kc4 Ne5+ 55. Kd4 Nd7 56. cxb6+ Nxb6 57. Bb3 Kd6 58. a5 Nd7 59.
Bc4 Ne5 60. Bd5 Nc6+ 61. Bxc6 Kxc6 62. Ke4 Kd6 63. Kf5 Ke7 64. Kg6 Ke6 65. Kh7
Kd7 66. Kh6 Kd6 67. Kg7 Ke7 68. Kh8 Kd8 69. Kg8 Ke8 1/2-1/2

[Event "Top 16"]
[Site "Clichy"]
[Date "2009.03.21"]
[Round "2.2"]
[White "Housieaux, David"]
[Black "Degraeve, Jean-Marc"]
[Result "1/2-1/2"]
[WhiteElo "2419"]
[BlackElo "2553"]
[PlyCount "71"]
[EventDate "2009.??.??"]
[WhiteTeam "Noyon"]
[BlackTeam "Marseille Echecs"]

1. d4 d5 2. Nf3 Nf6 3. c4 dxc4 4. e3 e6 5. Bxc4 c5 6. O-O a6 7. Bb3 Be7 8. Qe2
Nc6 9. dxc5 Bxc5 10. e4 Nd7 11. Rd1 Qc7 12. Nc3 O-O 13. Bg5 h6 14. Bh4 Bd6 15.
a3 Nde5 16. Bg3 Rd8 17. Nxe5 Bxe5 18. Rxd8+ Qxd8 19. Bxe5 Nxe5 20. Qe3 Bd7 21.
Rd1 Qc7 22. h3 Bc6 23. Qc5 Nd7 24. Qe7 Rc8 25. Ne2 Nb6 26. Qb4 Rd8 27. Rxd8+
Qxd8 28. Nd4 Be8 29. Qc5 Nd7 30. Qd6 Qb6 31. Qxb6 Nxb6 32. f4 Bc6 33. Nxc6 bxc6
34. Kf2 Kf8 35. Ke3 Ke7 36. Bd1 1/2-1/2

[Event "Top 16"]
[Site "Clichy"]
[Date "2009.03.21"]
[Round "2.3"]
[White "Miton, Kamil"]
[Black "Marcelin, Cyril"]
[Result "1-0"]
[WhiteElo "2595"]
[BlackElo "2495"]
[PlyCount "51"]
[EventDate "2009.??.??"]
[WhiteTeam "Marseille Echecs"]
[BlackTeam "Noyon"]

1. d4 d5 2. c4 e6 3. Nf3 Nf6 4. Nc3 Be7 5. g3 O-O 6. Bg2 dxc4 7. O-O Nbd7 8. e4
c6 9. Bf4 Nh5 10. Be3 Nhf6 11. a4 e5 12. dxe5 Ng4 13. Bf4 Qa5 14. e6 fxe6 15.
Qe2 Nge5 16. Nxe5 Nxe5 17. Bxe5 Qxe5 18. Kh1 g5 19. Rad1 b5 20. f4 gxf4 21.
gxf4 Rxf4 22. Rxf4 Qxf4 23. e5 Rb8 24. Be4 b4 25. Rg1+ Bg5 26. Qh5 1-0

[Event "TOP 16"]
[Site "Clichy"]
[Date "2009.03.21"]
[Round "2.5"]
[White "Gozzoli, Yannick"]
[Black "Adla, Diego"]
[Result "0-1"]
[WhiteElo "2503"]
[BlackElo "2508"]
[PlyCount "66"]
[EventDate "21.??.??"]
[WhiteTeam "Marseille Echecs"]
[BlackTeam "Noyon"]

1. d4 d5 2. c4 e6 3. Nc3 c6 4. Nf3 Nf6 5. Bg5 dxc4 6. e4 b5 7. e5 h6 8. Bh4 g5
9. Nxg5 hxg5 10. Bxg5 Nbd7 11. g3 Qa5 12. exf6 b4 13. Ne4 Ba6 14. b3 O-O-O 15.
Qf3 e5 16. Nd2 e4 17. Nxe4 Re8 18. Be3 cxb3 19. Nd6+ Bxd6 20. Qxc6+ Kd8 21.
Bxa6 Bc7 22. Bb5 Nb6 23. Rc1 Bxg3 24. hxg3 Rxh1+ 25. Qxh1 b2 26. Bxe8 b3+ 27.
Ke2 bxa2 28. Bxf7 bxc1=Q 29. Bxc1 Qb5+ 30. Kf3 a1=Q 31. Qh8+ Kc7 32. Bf4+ Kb7
33. Qg7 Qd1+ 0-1

[Event "TOP 16"]
[Site "Clichy"]
[Date "2009.03.21"]
[Round "2.6"]
[White "Aguettaz, Maxime"]
[Black "Marzolo, Cyril"]
[Result "1/2-1/2"]
[WhiteElo "2396"]
[BlackElo "2484"]
[PlyCount "98"]
[EventDate "21.??.??"]
[WhiteTeam "Noyon"]
[BlackTeam "Marseille Echecs"]

1. Nf3 Nf6 2. c4 g6 3. Nc3 Bg7 4. e4 d6 5. d4 O-O 6. Be2 c5 7. O-O Nc6 8. d5
Na5 9. a3 b6 10. Ra2 e5 11. Ne1 Nd7 12. Kh1 f5 13. exf5 gxf5 14. f4 e4 15. Qc2
Nf6 16. g3 a6 17. Ng2 Bd7 18. b4 Nb7 19. Bb2 Qe8 20. Ne3 Rb8 21. Rg1 Qg6 22.
Ncd1 h5 23. Ng2 b5 24. Nh4 Qf7 25. Ne3 Ng4 26. Nxg4 hxg4 27. h3 bxc4 28. hxg4
cxb4 29. axb4 c3 30. Bxc3 Rfc8 31. Ra3 a5 32. Qd2 axb4 33. Bxb4 Nc5 34. gxf5
Bxf5 35. g4 e3 36. Rxe3 Be4+ 37. Bf3 Qxf4 38. Rxe4 Qxd2 39. Bxd2 Nxe4 40. Bxe4
Rb2 41. Bf5 Ra8 42. Bc1 Rb3 43. Be6+ Kh8 44. Nf5 Be5 45. Be3 Ra2 46. Rf1 Re2
47. Rc1 Rbxe3 48. Nxe3 Rxe3 49. Kg2 Rc3 1/2-1/2

[Event "TOP 16"]
[Site "Clichy"]
[Date "2009.03.21"]
[Round "2.7"]
[White "Nataf, Igor-Alexandre"]
[Black "Clery, Nicolas"]
[Result "1/2-1/2"]
[WhiteElo "2533"]
[BlackElo "2373"]
[PlyCount "79"]
[EventDate "21.??.??"]
[WhiteTeam "Marseille Echecs"]
[BlackTeam "Noyon"]

1. e4 c6 2. d4 d5 3. e5 Bf5 4. c4 e6 5. Nc3 Ne7 6. a3 dxc4 7. Bxc4 Nd7 8. Nge2
Nb6 9. Ba2 Ned5 10. Ng3 Bg6 11. O-O Be7 12. Nce4 Nd7 13. f4 Bxe4 14. Nxe4 g6
15. Qd3 Qb6 16. Bd2 O-O 17. b4 f5 18. exf6 Bxf6 19. Nc5 Nxc5 20. dxc5 Qc7 21.
Rae1 Rae8 22. Re4 Re7 23. Kh1 Kh8 24. Qg3 Bg7 25. Qe1 e5 26. Bc4 Rff7 27. Qc1
Qd8 28. fxe5 Rxf1+ 29. Qxf1 Rxe5 30. Rxe5 Bxe5 31. Qf7 Nf6 32. g3 h5 33. Bh6
Qd1+ 34. Kg2 Qc2+ 35. Kf1 Qd1+ 36. Kg2 Qc2+ 37. Kh3 Qf5+ 38. Kg2 Qc2+ 39. Kh3
Qf5+ 40. Kg2 1/2-1/2

[Event "TOP 16"]
[Site "Clichy"]
[Date "2009.03.21"]
[Round "2.8"]
[White "Assad, Karine"]
[Black "Delorme, Laurie"]
[Result "1-0"]
[WhiteElo "2038"]
[BlackElo "2171"]
[PlyCount "133"]
[EventDate "21.??.??"]
[WhiteTeam "Noyon"]
[BlackTeam "Marseille Echecs"]

1. d4 d5 2. c4 c6 3. Nc3 Nf6 4. Nf3 e6 5. cxd5 exd5 6. Bg5 Be7 7. e3 Bf5 8. Be2
h6 9. Bh4 O-O 10. O-O Nbd7 11. Rc1 Ne4 12. Bxe7 Qxe7 13. Nd2 Ndf6 14. Ndxe4
dxe4 15. Na4 Nd5 16. a3 Rfd8 17. Bg4 Qg5 18. Bxf5 Qxf5 19. Qd2 Re8 20. Nc3 Nf6
21. Ne2 Rad8 22. Qb4 Rd7 23. Qc5 Qg4 24. Nf4 Nd5 25. h3 Qh4 26. Nxd5 Rxd5 27.
Qxa7 Rg5 28. Kh2 Rf5 29. Rc2 Qe7 30. Rc5 Rf6 31. Kh1 Qd6 32. Qa5 b6 33. Qxb6
Rb8 34. Qa5 Rxb2 35. Qe1 Qe6 36. a4 Qa2 37. Kg1 Qxa4 38. Qa5 Qb3 39. Rf5 Rg6
40. Qe1 Qe6 41. Qa5 Qd7 42. Rc1 Kh7 43. Kh1 Qb7 44. Kg1 Qd7 45. Kh1 Qb7 46. Qe5
Re6 47. Qf4 Kg8 48. h4 Qe7 49. Ra1 g6 50. Qxh6 Qe8 51. Rfa5 Qb8 52. Ra8 Rb1+
53. Rxb1 Qxa8 54. Qf4 Qa2 55. Qb8+ Kg7 56. Qb2 Qd5 57. Rc1 Rf6 58. Rc5 Qe6 59.
Qe2 Qd7 60. Re5 Qb7 61. Kh2 Qc7 62. g3 Re6 63. Rxe6 fxe6 64. Qg4 Qf7 65. Kg2
Qf5 66. Qxf5 exf5 67. f3 1-0

[Event "Top 16"]
[Site "Mulhouse"]
[Date "2009.03.21"]
[Round "2.1"]
[White "Landenbergue, Claude"]
[Black "Todorov, Todor"]
[Result "0-1"]
[WhiteElo "2410"]
[BlackElo "2507"]
[PlyCount "94"]
[EventDate "21.??.??"]
[WhiteTeam "Bois-Colombes"]
[BlackTeam "Drancy"]

1. e4 g6 2. d4 Bg7 3. c4 d6 4. Nc3 Nf6 5. Bg5 h6 6. Be3 O-O 7. f3 e5 8. Nge2 c6
9. Qd2 Nbd7 10. O-O-O h5 11. Kb1 Re8 12. Nc1 Qe7 13. Nb3 exd4 14. Bxd4 Nc5 15.
Bf2 Nxb3 16. axb3 d5 17. cxd5 cxd5 18. exd5 Qb4 19. Ka2 Bf5 20. Bc4 Rec8 21. d6
b5 22. Bd3 Be6 23. Bc2 a5 24. Kb1 Bxb3 25. Bxb3 Qxb3 26. Bd4 b4 27. Na2 Qe6 28.
Bb6 Nd7 29. Bc7 {=} Qf5+ 30. Qd3 Qe5 31. Rd2 Re8 32. Nc1 a4 33. Qc4 a3 34. Nd3
Qe3 35. Rhd1 axb2 36. Qxb4 Qa7 37. Kc2 Qa2 38. Rb1 Ra4 39. Rxb2 Bxb2 40. Qxb2
Qc4+ 41. Qc3 Ra2+ 42. Nb2 Qb5 43. Qb3 Qf5+ 44. Qd3 Qf6 45. Qc3 Re5 46. Qb3 Qf5+
47. Qd3 Qxd3+ 0-1

[Event "Top 16"]
[Site "Mulhouse"]
[Date "2009.03.21"]
[Round "2.2"]
[White "Lazarev, Vladimir"]
[Black "Kozakov, Mikhail"]
[Result "1/2-1/2"]
[WhiteElo "2479"]
[BlackElo "2457"]
[PlyCount "39"]
[EventDate "21.??.??"]
[WhiteTeam "Drancy"]
[BlackTeam "Bois-Colombes"]

1. Nf3 Nf6 2. c4 c5 3. Nc3 Nc6 4. d4 cxd4 5. Nxd4 e6 6. Ndb5 Bc5 7. Nd6+ Ke7 8.
Nxc8+ Rxc8 9. e3 Bb4 10. Bd2 Bxc3 11. Bxc3 Ne4 12. Qb3 Nxc3 13. Qxc3 Qa5 14.
Qxa5 Nxa5 15. b3 d6 16. Bd3 Nc6 17. Ke2 Ne5 18. Rhd1 a5 19. f4 Nd7 20. Rac1
1/2-1/2

[Event "Top 16"]
[Site "Mulhouse"]
[Date "2009.03.21"]
[Round "2.4"]
[White "Komarov, Dimitri"]
[Black "Chomet, Pascal"]
[Result "1-0"]
[WhiteElo "2530"]
[BlackElo "2348"]
[PlyCount "71"]
[EventDate "21.??.??"]
[WhiteTeam "Drancy"]
[BlackTeam "Bois-Colombes"]

1. d4 d6 2. Nf3 g6 3. c4 Bg7 4. Nc3 Nd7 5. e4 e5 6. Be2 exd4 7. Nxd4 Ngf6 8.
Be3 O-O 9. Qd2 a6 10. O-O-O Ne5 11. f3 Bd7 12. Bh6 Bxh6 13. Qxh6 Qe7 14. g4
Rfb8 15. Rhg1 Kh8 16. g5 Ng8 17. Qh4 c5 18. Nc2 b5 19. f4 Nxc4 20. Bxc4 bxc4
21. Ne3 Bb5 22. Ned5 Qf8 23. f5 Ra7 24. f6 Bd7 25. Qf4 Rab7 26. Rg2 Be6 27. Ne3
Rb6 28. Ned5 Bxd5 29. Nxd5 R6b7 30. Nc3 Rb6 31. Rd5 h6 32. h4 Qc8 33. h5 Qh3
34. hxg6 Rxb2 35. Rxb2 Qxc3+ 36. Kd1 1-0

[Event "Top 16"]
[Site "Mulhouse"]
[Date "2009.03.21"]
[Round "2.6"]
[White "Karr, Jean-Philippe"]
[Black "Guichard, Pauline"]
[Result "1-0"]
[WhiteElo "2388"]
[BlackElo "2268"]
[PlyCount "103"]
[EventDate "21.??.??"]
[WhiteTeam "Drancy"]
[BlackTeam "Bois-Colombes"]

1. d4 d5 2. c4 c6 3. Nf3 e6 4. Qc2 Nf6 5. Bg5 dxc4 6. Qxc4 b5 7. Qc2 Bb7 8. e3
Nbd7 9. Nbd2 a6 10. a4 Rc8 11. Be2 c5 12. d5 exd5 13. axb5 axb5 14. Bxb5 Be7
15. O-O O-O 16. Rfd1 Qc7 17. Qf5 Rfd8 18. Rac1 Nf8 19. Bd3 Ng6 20. h4 Rb8 21.
Bxf6 Bxf6 22. Qh5 Qe7 23. b3 Bc6 24. Ng5 Bxg5 25. Qxg5 f6 26. Qh5 Be8 27. Qf5
Rb4 28. h5 Nf8 29. e4 Bd7 30. Qf4 Be6 31. Re1 Rd4 32. Bb1 dxe4 33. Nxe4 Bxb3
34. Qg3 c4 35. h6 Ng6 36. hxg7 Kxg7 37. f4 Qc7 38. Qxb3 Qxf4 39. Rxc4 Rb8 40.
Qc2 Rxc4 41. Qxc4 Ne5 42. Qc7+ Kh6 43. Qc1 Qxc1 44. Rxc1 f5 45. Nd2 Rd8 46. Nf3
Nxf3+ 47. gxf3 Kg5 48. Kg2 h5 49. Rc5 Rf8 50. Rc4 Rb8 51. Bc2 Rb2 52. Kh3 1-0

[Event "Top 16"]
[Site "Mulhouse"]
[Date "2009.03.21"]
[Round "2.7"]
[White "Derieux, Christian"]
[Black "Giffard, Nicolas"]
[Result "0-1"]
[WhiteElo "2156"]
[BlackElo "2370"]
[PlyCount "56"]
[EventDate "21.??.??"]
[WhiteTeam "Bois-Colombes"]
[BlackTeam "Drancy"]

1. d4 Nf6 2. c4 e6 3. Nc3 Bb4 4. e3 d5 5. a3 Be7 6. Nf3 O-O 7. Bd3 c5 8. dxc5
dxc4 9. Bxc4 Qxd1+ 10. Kxd1 Bxc5 11. b4 Be7 12. Bb2 Nc6 13. Ke2 Bd7 14. Rhd1
Rfc8 15. Bb3 Be8 16. Rac1 h6 17. e4 Nd7 18. Nb5 a5 19. bxa5 Nc5 20. Bc2 Nxa5
21. Nbd4 Nc4 22. Rb1 Nxa3 23. Bxa3 Rxa3 24. Nb5 Ra2 25. Rd2 Rd8 26. Nc3 Rxd2+
27. Kxd2 Ra3 28. Nd4 Bg5+ 0-1

[Event "Top 16"]
[Site "Mulhouse"]
[Date "2009.03.21"]
[Round "2.4"]
[White "Wirig, Anthony"]
[Black "Chuchelov, Vladimir"]
[Result "1/2-1/2"]
[WhiteElo "2464"]
[BlackElo "2575"]
[PlyCount "52"]
[EventDate "21.??.??"]
[WhiteTeam "Mulhouse Philidor"]
[BlackTeam "Evry Grand Roque"]

1. d4 Nf6 2. c4 e6 3. Nc3 Bb4 4. e3 O-O 5. Bd3 d5 6. Nf3 b6 7. O-O Bb7 8. cxd5
exd5 9. a3 Bd6 10. b4 a6 11. Qb3 Qe7 12. Rb1 Nbd7 13. a4 Ne4 14. Bb2 Ndf6 15.
b5 a5 16. Ra1 Nxc3 17. Qxc3 Ne4 18. Qb3 Rfe8 19. Ba3 Qf6 20. Bxd6 cxd6 21. Rfc1
Rac8 22. Qa3 g6 23. Ra2 Rxc1+ 24. Qxc1 Rc8 25. Rc2 Rxc2 26. Qxc2 Qe7 1/2-1/2

[Event "Top 16"]
[Site "Mulhouse"]
[Date "2009.03.21"]
[Round "2.5"]
[White "Feller, Sebastien"]
[Black "Riff, Jean-Noel"]
[Result "1-0"]
[WhiteElo "2525"]
[BlackElo "2520"]
[PlyCount "98"]
[EventDate "21.??.??"]
[WhiteTeam "Evry Grand Roque"]
[BlackTeam "Mulhouse Philidor"]

1. Nf3 Nf6 2. c4 e6 3. Nc3 Bb4 4. g4 h6 5. Rg1 b6 6. Qc2 Bb7 7. a3 Bxc3 8. Qxc3
d6 9. h4 Qe7 10. g5 hxg5 11. hxg5 Nh5 12. d4 Nd7 13. Be3 g6 14. c5 Bd5 15. Nd2
Ng7 16. c6 Nb8 17. Bg2 Nf5 18. O-O-O Qf8 19. Bxd5 exd5 20. b4 a6 21. a4 Ne7 22.
b5 axb5 23. axb5 Ra5 24. Qd3 Nbxc6 25. bxc6 Nxc6 26. Qb3 Kd7 27. Nb1 Qa8 28.
Rd2 Qa6 29. Rc2 Ra8 30. Qc3 b5 31. Bd2 Ra4 32. Qh3+ Ke7 33. Rg3 Rxd4 34. Re3+
Re4 35. Rxe4+ dxe4 36. Qe3 Kd7 37. Qh3+ Ke7 38. Qg4 Rh8 39. Qxe4+ Kd7 40. Bc3
Qa4 41. Qf3 Rh4 42. Qxf7+ Kc8 43. Ra2 Rh1+ 44. Kb2 Qd1 45. Qe8+ Nd8 46. Nd2
Qc1+ 47. Kb3 Qd1+ 48. Rc2 c5 49. Bf6 Rh7 1-0

[Event "Top 16"]
[Site "Mulhouse"]
[Date "2009.03.21"]
[Round "2.6"]
[White "Abergel, Thal"]
[Black "Chabanon, Jean-Luc"]
[Result "1/2-1/2"]
[WhiteElo "2509"]
[BlackElo "2454"]
[PlyCount "95"]
[EventDate "21.??.??"]
[WhiteTeam "Mulhouse Philidor"]
[BlackTeam "Evry Grand Roque"]

1. e4 e5 2. Nf3 Nc6 3. Bc4 Nf6 4. d3 Bc5 5. O-O d6 6. c3 O-O 7. Bb3 a6 8. Re1
h6 9. Nbd2 Be6 10. Nf1 Bxb3 11. axb3 Bb6 12. Ng3 d5 13. Qe2 dxe4 14. dxe4 Qd7
15. Rd1 Qg4 16. b4 Rad8 17. Re1 Qd7 18. Be3 Qd3 19. Bxb6 cxb6 20. Kf1 Rfe8 21.
Red1 Qxe2+ 22. Kxe2 Kf8 23. Nd2 g6 24. Ngf1 Ke7 25. Ne3 b5 26. f3 Nb8 27. Nb3
b6 28. Rdc1 Rc8 29. c4 bxc4 30. Nxc4 Nfd7 31. Ne3 Nf6 32. Nc4 Nfd7 33. Ne3 Nf6
34. Nd2 b5 35. Rc5 Rxc5 36. bxc5 Rc8 37. b4 Nc6 38. Nc2 Ra8 39. Nb3 Nd7 40. Kd2
f5 41. Kc3 fxe4 42. fxe4 Nf6 43. Nd2 Ke6 44. Re1 a5 45. Nb3 axb4+ 46. Nxb4 Nxb4
47. Kxb4 Ra2 48. c6 1/2-1/2

[Event "Top 16"]
[Site "Clichy"]
[Date "2009.03.22"]
[Round "3.1"]
[White "San Emeterio, J.L."]
[Black "Bacrot, E."]
[Result "0-1"]
[WhiteElo "2392"]
[BlackElo "2722"]
[PlyCount "90"]
[EventDate "2009.03.22"]

1. b3 e5 2. Bb2 Nc6 3. e3 Nf6 4. c4 d6 5. Nc3 g6 6. Nf3 Bg7 7. d4 Bf5 8. Be2 e4
9. Nd2 h5 10. b4 O-O 11. b5 Ne7 12. O-O Re8 13. a4 Kh7 14. a5 Neg8 15. a6 b6
16. Na2 Ng4 17. Nb4 Qg5 18. Nd5 Rac8 19. h3 N4f6 20. f4 Qh6 21. Nb4 g5 22. Qe1
Qg6 23. Qg3 Bh6 24. fxg5 Bxg5 25. h4 Bh6 26. Qxg6+ Kxg6 27. Ra3 Bg4 28. Bxg4
Nxg4 29. Nd5 Ne7 30. Nf4+ Bxf4 31. Rxf4 d5 32. cxd5 Nxd5 33. Rxe4 Ndxe3 34. Ra1
Rxe4 35. Nxe4 Nc4 36. Bc3 Re8 37. Nd2 Nd6 38. Rb1 Re3 39. Ba1 Nxb5 40. Nc4 Re4
41. Rd1 c5 42. Nd2 Re2 43. dxc5 Ne3 44. cxb6 axb6 45. Rb1 Rxg2+ 0-1

[Event "Top 16"]
[Site "Clichy"]
[Date "2009.03.22"]
[Round "3.2"]
[White "Degraeve, J.M."]
[Black "Shirazi, K."]
[Result "1-0"]
[WhiteElo "2553"]
[BlackElo "2410"]
[PlyCount "87"]
[EventDate "2009.03.22"]

1. e4 c5 2. Nf3 e6 3. c3 d5 4. e5 Nc6 5. d4 Rb8 6. Be3 Nge7 7. Bd3 Nf5 8. Bxf5
exf5 9. dxc5 Qc7 10. O-O Be6 11. b4 Rc8 12. Re1 Be7 13. Na3 a6 14. Nc2 O-O 15.
Ncd4 Bd7 16. Qc2 Nxd4 17. Nxd4 b6 18. c6 Bxc6 19. Nxf5 Bd8 20. Bd4 Re8 21. Nd6
Re6 22. Nxc8 Qxc8 23. f4 Bd7 24. f5 Rh6 25. Rf1 Rh5 26. e6 fxe6 27. fxe6 Bxe6
28. Qe2 Rh6 29. Rae1 Rg6 30. Rf3 h6 31. Rg3 Bg4 32. Qe8+ Kh7 33. h3 Bf5 34.
Rxg6 Bxg6 35. Qf8 Qc7 36. Bxg7 Qxg7 37. Qxd8 Be4 38. Re2 Qxc3 39. Qe7+ Kg6 40.
Qe6+ Kg7 41. Rf2 Qc1+ 42. Rf1 Qc7 43. Qf6+ Kh7 44. Qf7+ 1-0

[Event "Top 16"]
[Site "Clichy"]
[Date "2009.03.22"]
[Round "3.3"]
[White "Carpentier, P."]
[Black "Miton, K."]
[Result "0-1"]
[WhiteElo "2236"]
[BlackElo "2595"]
[PlyCount "66"]
[EventDate "2009.03.22"]

1. e4 c5 2. Nc3 a6 3. Nf3 d6 4. d4 cxd4 5. Nxd4 Nf6 6. Bc4 e6 7. Bb3 Be7 8. Be3
O-O 9. g4 Qa5 10. Qf3 Nc6 11. g5 Nxd4 12. Bxd4 Qxg5 13. Qe2 b5 14. h4 Qh5 15.
f3 Bb7 16. O-O-O b4 17. Rdg1 bxc3 18. Rg5 Qh6 19. Be3 cxb2+ 20. Kb1 Nxe4 21.
fxe4 Bxg5 22. Bxg5 Qg6 23. Rg1 Kh8 24. h5 Qxe4 25. Qf2 f6 26. Bd2 h6 27. Qg3
Rg8 28. Re1 Qf3 29. Qg6 Qg2 30. Qd3 Rge8 31. Bxe6 Re7 32. Qd4 Rae8 33. Qxd6 Qc6
0-1

[Event "Top 16"]
[Site "Clichy"]
[Date "2009.03.22"]
[Round "3.4"]
[White "Marzolo, C."]
[Black "Lamorelle, Y."]
[Result "1/2-1/2"]
[WhiteElo "2217"]
[BlackElo "2484"]
[PlyCount "114"]
[EventDate "2009.03.22"]

1. d4 Nf6 2. c4 g6 3. Nc3 Bg7 4. e4 O-O 5. Bg5 c5 6. d5 h6 7. Be3 d6 8. f3 e6
9. Qd2 exd5 10. cxd5 a6 11. a4 Nbd7 12. Nh3 Kh7 13. Be2 Rb8 14. O-O Ne5 15. Nf2
Bd7 16. a5 b5 17. axb6 Rxb6 18. Bxa6 Qb8 19. Rfb1 h5 20. Be2 Rb4 21. h3 Re8 22.
Na2 Rb3 23. Nc3 Rb4 24. Qc2 Bc8 25. b3 Re7 26. Ra4 Rc7 27. f4 Ned7 28. Bc4 Nb6
29. Rxb4 cxb4 30. Na2 Nbd7 31. Qd2 Nc5 32. Bxc5 Rxc5 33. Nxb4 Qb6 34. Re1 Bh6
35. Nbd3 Rc7 36. Qe3 Qa5 37. Qf3 Bb7 38. g4 hxg4 39. hxg4 Bg7 40. Kg2 Kg8 41.
Kg3 Re7 42. g5 Nd7 43. Ng4 Bc3 44. Re2 Qa1 45. Qf2 Qd1 46. Rc2 Nc5 47. Nxc5 Be1
48. Nxb7 Rxb7 49. e5 Kf8 50. exd6 Rd7 51. Re2 Bxf2+ 52. Nxf2 Qg1+ 53. Kf3 Rxd6
54. Ne4 Rd8 55. Nf6 Qf1+ 56. Kg3 Qg1+ 57. Kf3 Qf1+ 1/2-1/2

[Event "Top 16"]
[Site "Clichy"]
[Date "2009.03.22"]
[Round "3.5"]
[White "Wunderman, X."]
[Black "Gozzoli, Y."]
[Result "0-1"]
[WhiteElo "2183"]
[BlackElo "2503"]
[PlyCount "54"]
[EventDate "2009.03.22"]

1. e4 Nf6 2. Nc3 e5 3. f4 d5 4. fxe5 Nxe4 5. Nf3 Be7 6. d4 c5 7. Bd3 Qa5 8. O-O
Nxc3 9. bxc3 c4 10. Be2 Nc6 11. Qe1 h6 12. Qg3 g5 13. Nd2 Be6 14. Bh5 Rf8 15.
a4 b5 16. Ba3 Bxa3 17. Rxa3 b4 18. cxb4 Qxb4 19. Qe3 Nxd4 20. Rf6 Ke7 21. Rxh6
Nf5 22. Qxg5+ Kd7 23. Rf3 Nxh6 24. Qxh6 Rh8 25. Rxf7+ Bxf7 26. e6+ Bxe6 27.
Qg7+ Qe7 0-1

[Event "Top 16"]
[Site "Clichy"]
[Date "2009.03.22"]
[Round "3.6"]
[White "Nataf, I.A."]
[Black "Lamorelle, J."]
[Result "1-0"]
[WhiteElo "2533"]
[BlackElo "2170"]
[PlyCount "41"]
[EventDate "2009.03.22"]

1. e4 c5 2. Nf3 d6 3. d4 cxd4 4. Qxd4 a6 5. c4 Nc6 6. Qe3 Nf6 7. h3 g6 8. Be2
Bg7 9. O-O O-O 10. Rd1 Qa5 11. Nc3 Bd7 12. Bd2 Ne5 13. Nxe5 Qxe5 14. f4 Qa5 15.
e5 dxe5 16. fxe5 Ne8 17. Nd5 Qd8 18. Bb4 Rc8 19. Bxe7 Qa5 20. b4 Qa4 21. Nb6
1-0

[Event "Top 16"]
[Site "Clichy"]
[Date "2009.03.22"]
[Round "3.7"]
[White "Maleki, N."]
[Black "Denoyelle, A."]
[Result "1-0"]
[WhiteElo "2173"]
[BlackElo "2215"]
[PlyCount "61"]
[EventDate "2009.03.22"]

1. d4 Nf6 2. c4 e6 3. Nc3 Bb4 4. e3 Bxc3+ 5. bxc3 c5 6. Bd3 Nc6 7. Nf3 d6 8.
O-O h6 9. Nd2 e5 10. d5 Ne7 11. Qc2 O-O 12. f4 exf4 13. exf4 g6 14. f5 Ng4 15.
fxg6 Ne3 16. Qb1 Nxf1 17. Nxf1 Kg7 18. gxf7 Rxf7 19. Ng3 Ng8 20. Bh7 Kh8 21.
Bg6 Rf8 22. Be3 Qh4 23. Qd3 Bd7 24. Ne4 Nf6 25. Bf2 Qg4 26. Nxd6 Rg8 27. Nf7+
Kg7 28. Ne5 Qg5 29. Re1 Bh3 30. Qxh3 Raf8 31. Be3 1-0

[Event "Top 16"]
[Site "Clichy"]
[Date "2009.03.22"]
[Round "3.8"]
[White "Delorme, L."]
[Black "Dacalor, A."]
[Result "1-0"]
[WhiteElo "2171"]
[BlackElo "2041"]
[PlyCount "51"]
[EventDate "2009.03.22"]

1. d4 Nf6 2. c4 d6 3. Nc3 c6 4. Nf3 Nbd7 5. e4 e5 6. Be2 Be7 7. O-O O-O 8. Be3
Qe8 9. d5 h6 10. Ne1 Nc5 11. f3 a5 12. b3 Nh5 13. g3 Bh3 14. Ng2 Bxg2 15. Kxg2
Nf6 16. a3 Qc8 17. Rb1 Ncd7 18. Qd2 c5 19. Rf2 Re8 20. Rg1 Kh7 21. Kf1 g5 22.
h4 gxh4 23. Bxh6 Nh5 24. Rh2 Nxg3+ 25. Rxg3 hxg3 26. Bf8+ 1-0